[Event "ESP-chT Div Honor 2018"]
[Site "Linares"]
[Date "2018.08.06"]
[Round "1"]
[White "Navara, David"]
[Black "Kuzubov, Yuriy"]
[Result "1-0"]
[WhiteElo "2741"]
[BlackElo "2647"]
[Annotator "TA"]
[PlyCount "83"]
[EventDate "2018.08.06"]
[EventType "team-tourn"]
[EventCountry "ESP"]
[SourceTitle "playchess.com"]
[Source "ChessBase"]
[SourceQuality "1"]

{[%evp 20,83,49,55,46,27,22,18,34,12,31,27,24,18,22,21,19,0,37,28,19,19,25,22,0,0,45,12,13,5,17,8,37,0,17,0,0,0,56,18,98,34,85,81,90,88,78,85,106,106,132,149,159,156,180,113,110,111,228,217,946,895,1114,1037,929,923]} 1. c4 Nf6 2. Nc3 e5 3. Nf3 Nc6 4. e3 Bb4 5. Qc2 Bxc3 6. Qxc3 Qe7 7. b3 {A28: English Opening: Four Knights Variation} d5 8. d4 exd4 9. Nxd4 Nxd4 10. Qxd4 c5 11. Qf4 {LiveBook: 5 Games} Be6 $146 ({Predecessor:} 11... O-O 12. Bb2 d4 13. O-O-O dxe3 14. Re1 Qe4 15. Qxe3 {½-½ (40) Svidler,P (2753)-Navara,D (2741) Biel 2018}) 12. cxd5 Nxd5 13. Bb5+ Bd7 14. Qc4 O-O-O {Strongly threatening ...Bxb5.} 15. Bxd7+ Rxd7 16. O-O {White wants to play Ba3.} Kb8 17. Bb2 f6 18. Rfc1 Rc8 19. Ba3 {[%cal Ra3c5]} Qd8 20. Qe4 Qa5 21. Qf5 Rdd8 22. Bb2 g6 23. Qf3 f5 $1 24. e4 fxe4 25. Qxe4 Nb4 26. Rd1 Nc6 27. Rxd8 Rxd8 28. Bf6 Rc8 (28... Rd7 $11) 29. Qe6 a6 (29... Qd2 $1 $11) 30. Bh4 ({White should try} 30. h4 $1 $16) 30... Qc3 (30... Rh8 $14) 31. Rf1 $36 {[%mdl 2048] Threatens to win with Bg3+. Keeping Black busy.} Qh8 32. Qd6+ Ka8 33. Qxc5 Nd4 34. Qd5 Nf5 35. Bg5 Qe8 36. g4 h6 37. gxf5 ({White should play} 37. Bf4 $18 Nh4 38. Be3 (38. Bxh6 Rd8 $11)) 37... hxg5 38. f6 {[%cal Bf5f6,Bf6f7][%mdl 32]} Qf8 {[#]} (38... Rd8 $16 {was worth a try.} 39. Qa5 (39. Qxg5 Qe6 $16) 39... Qh8) 39. Qd7 $1 $18 ({But not} 39. Qxg5 $6 Rc6 $16) 39... Kb8 $2 {[#]} (39... Rd8 40. Qg7 Qxg7 41. fxg7 Rg8) 40. f7 $1 {aiming for Re1.White is clearly winning.} Rd8 41. Qe6 Ka7 42. Re1 {Precision: White = 67%, Black = 32%.} 1-0

[Event "ESP-chT Div Honor 2018"]
[Site "Linares"]
[Date "2018.08.06"]
[Round "1"]
[White "Harikrishna, Pentala"]
[Black "Kryvoruchko, Yuriy"]
[Result "1/2-1/2"]
[WhiteElo "2739"]
[BlackElo "2711"]
[Annotator "TA"]
[PlyCount "83"]
[EventDate "2018.08.06"]
[EventType "team-tourn"]
[EventCountry "ESP"]
[SourceTitle "playchess.com"]
[Source "ChessBase"]
[SourceQuality "1"]

{[%evp 22,83,17,8,34,25,22,10,20,16,22,14,8,10,10,8,49,12,35,11,21,18,17,14,26,18,10,22,11,7,17,17,17,17,18,15,34,36,42,36,52,0,12,11,25,18,18,18,20,0,0,0,0,0,0,0,0,0,0,0,0,0,0,0]} 1. e4 e5 2. Nf3 Nc6 3. Bb5 Nf6 4. O-O Nxe4 5. d4 Nd6 6. Bxc6 dxc6 7. dxe5 Nf5 8. Qxd8+ Kxd8 9. h3 Be7 {C67: Ruy Lopez: Berlin Defence: 4 0-0 Nxe4} (9... Ke8 10. Nc3 b6 11. Bf4 Bb4 12. Ne4 Ba6 13. Rfc1 Be2 14. Nh2 Bc4 15. Rd1 Bd5 16. c3 Bxe4 17. cxb4 Rd8 18. e6 fxe6 19. Bxc7 Rxd1+ 20. Rxd1 {1-0 (51) Vachier Lagrave,M (2789)-Anand,V (2759) Leuven 2018}) 10. Nc3 Nh4 11. Nxh4 Bxh4 12. Be3 {LiveBook: 8 Games} Ke8 13. Ne2 Be7 $146 ({Predecessor:} 13... Bd7 14. f4 f5 15. Bf2 Be7 16. Nd4 c5 17. e6 cxd4 18. exd7+ Kxd7 19. Bxd4 {½-½ (31) Ligterink,G (2430)-Kuijpers,F (2415) Nijmegen 1977}) 14. g4 f5 15. exf6 $1 gxf6 16. Bf4 h5 17. f3 hxg4 18. hxg4 Be6 19. Kg2 Rd8 20. Rh1 Kf7 21. Rxh8 Rxh8 22. Nd4 Bd6 23. Nxe6 (23. Kg3 {seems wilder.} Bxf4+ 24. Kxf4 Rd8 25. Ke3 Re8 26. Kf2) 23... Kxe6 $11 {[%mdl 4096] Endgame KRB-KRB} 24. Re1+ Kf7 25. Bg3 Bxg3 26. Kxg3 {KR-KR} Rd8 27. Re2 c5 28. Kf4 b5 29. b3 c6 30. Rh2 Kg6 31. Kg3 (31. Rh5 $14) 31... Rd5 32. f4 {[%cal Bf3f4,Bf4f5][%mdl 32]} Kg7 33. Re2 Kf7 {The position is equal.} 34. f5 Rd6 35. Kh4 a5 36. g5 {[#] Black must now prevent g6+.} Rd4+ 37. Kh5 {Hoping for g6+.} fxg5 $1 38. Kxg5 c4 39. Re6 Rd2 {White should prevent ...Rg2+.} 40. Rf6+ Kg7 {[#] Threatens to win with ...Rg2+.} 41. Rg6+ Kf7 42. Rf6+ {Precision: White = 57%, Black = 53%.} 1/2-1/2

[Event "ESP-chT Div Honor 2018"]
[Site "Linares"]
[Date "2018.08.06"]
[Round "1"]
[White "Vitiugov, Nikita"]
[Black "Leko, Peter"]
[Result "1/2-1/2"]
[WhiteElo "2730"]
[BlackElo "2691"]
[Annotator "TA"]
[PlyCount "66"]
[EventDate "2018.08.06"]
[EventType "team-tourn"]
[EventCountry "ESP"]
[SourceTitle "playchess.com"]
[Source "ChessBase"]
[SourceQuality "1"]

{[%evp 19,66,0,0,0,0,1,10,0,0,0,0,0,0,0,0,0,0,0,0,0,0,0,0,0,23,23,30,30,30,30,30,30,30,31,31,31,31,31,31,31,31,31,31,31,31,0,31,0,31]} 1. c4 c5 2. Nf3 Nf6 3. d4 cxd4 4. Nxd4 Nc6 5. g3 e5 6. Nb5 {A31: Symmetrical English: 2 Nf3 Nf6 3 d4} Bb4+ 7. N1c3 (7. Bd2 a6 8. N5c3 d5 9. cxd5 Nxd5 10. Bg2 Be6 11. O-O Be7 12. Nxd5 Bxd5 13. Ba5 Qxa5 14. Bxd5 {½-½ (41) Iturrizaga Bonelli,E (2662)-Areshchenko,A (2652) Linares 2017}) 7... d6 8. a3 Bxc3+ 9. Nxc3 Be6 10. Bg2 Bxc4 {LiveBook: 7 Games} 11. Bg5 O-O 12. Rc1 Rc8 13. O-O Nd4 $146 14. Bxb7 Rb8 15. Bd5 Nxd5 16. Bxd8 Nxc3 17. bxc3 Nxe2+ 18. Kg2 Nxc1 19. Bg5 Bxf1+ 20. Kxf1 Nb3 21. Qxd6 Rfc8 22. Qxe5 Nc5 23. Be3 Rb7 24. a4 {[%cal Ba3a4,Ba4a5][%mdl 32]} Rbc7 25. a5 h6 26. Kg2 a6 27. Qd5 Rc6 28. Bd4 Ne6 29. Bb6 Nc5 30. Qd4 Kf8 31. Qb4 Kg8 32. Qd4 Kf8 33. Qb4 Kg8 {Precision: White = 81%, Black = 88%.} 1/2-1/2

[Event "ESP-chT Div Honor 2018"]
[Site "Linares"]
[Date "2018.08.06"]
[Round "1"]
[White "Saric, Ivan"]
[Black "Adhiban, Baskaran"]
[Result "1/2-1/2"]
[WhiteElo "2690"]
[BlackElo "2671"]
[Annotator "TA"]
[PlyCount "88"]
[EventDate "2018.08.06"]
[EventType "team-tourn"]
[EventCountry "ESP"]
[SourceTitle "playchess.com"]
[Source "ChessBase"]
[SourceQuality "1"]

{[%evp 27,88,27,37,15,20,12,17,0,20,20,14,0,0,0,0,0,8,6,9,6,15,15,15,15,16,15,88,86,86,88,78,8,13,1,16,2,18,0,0,0,0,0,0,0,0,-50,0,0,0,0,0,0,0,0,0,0,0,0,0,0,0,0,1820]} 1. e4 c5 2. Nf3 e6 3. d4 cxd4 4. Nxd4 Nc6 5. Nc3 Qc7 6. g3 a6 7. Bg2 Nf6 8. O-O Be7 9. Re1 O-O 10. Nxc6 dxc6 11. e5 Rd8 12. Qf3 Nd5 13. h4 Nxc3 14. Qxc3 Bd7 {[#] LiveBook: 31 Partien. B47: Sizilianisch (Paulsen/Taimanow-Variante)} 15. Be3 $146 ({Vorgänger:} 15. Bg5 Bxg5 16. hxg5 c5 17. Re4 Rac8 18. Rh4 Bc6 19. Rc1 Qd7 20. Kh2 Qd2 21. Qxd2 Rxd2 22. Bxc6 Rxc6 {1-0 (42) Saric,I (2650)-Vocaturo,D (2574) Gjakova 2016}) 15... c5 16. Rad1 Rac8 17. h5 Bc6 18. Rxd8+ Qxd8 19. Qc4 b5 20. Qf1 Bxg2 21. Qxg2 Qd5 22. Qxd5 exd5 $11 {[%mdl 4096] Endspiel KTL-KTL} 23. c3 f6 24. Rd1 d4 25. cxd4 cxd4 26. Rxd4 Bc5 (26... fxe5 $11 {bleibt in der Remisbreite.} 27. Rd7 Bc5) 27. Rd3 $16 {[#] zielt auf Tc3 ab.} Bxe3 28. Rxe3 fxe5 {KT-KT} 29. Ra3 (29. Rxe5 $16 Kf7 30. Re2) 29... Rc2 $11 30. b3 Rc6 31. Kg2 e4 32. g4 Kf7 33. Kg3 Ke6 34. b4 Kd5 35. g5 Ke5 36. Kg4 Rc4 37. Rxa6 {Die Stellung ist ausgeglichen.} Rxb4 38. Ra7 {[#] Und Te7+ würde nun gewinnen.} e3+ 39. Kf3 exf2 40. Kxf2 Kf5 41. Rxg7 Ra4 42. h6 Rxa2+ 43. Kg3 Ra1 44. Rxh7 Ke5 $2 {[%mdl 40960] Precision: Weiß = 49%, Schwarz = 51%. . An unexpected result.} (44... Kxg5 $11 45. Kf3 Ra3+ 46. Ke4 Rb3) 1/2-1/2

[Event "ESP-chT Div Honor 2018"]
[Site "Linares"]
[Date "2018.08.06"]
[Round "1"]
[White "Anton Guijarro, David"]
[Black "Forcen Esteban, Daniel"]
[Result "1-0"]
[WhiteElo "2652"]
[BlackElo "2569"]
[Annotator "TA"]
[PlyCount "69"]
[EventDate "2018.08.06"]
[EventType "team-tourn"]
[EventCountry "ESP"]
[SourceTitle "playchess.com"]
[Source "ChessBase"]
[SourceQuality "1"]

{[%evp 15,69,20,20,19,13,5,9,14,8,4,20,-7,-4,-15,-12,-57,-76,-75,-76,-62,-74,-58,-63,-64,-66,-68,-68,-83,-77,-92,-75,-98,-99,-99,0,0,0,-4,0,0,0,0,35,0,0,0,0,0,0,0,477,439,541,537,527,516]} 1. d4 e6 2. c4 Bb4+ 3. Bd2 a5 4. Nf3 Nf6 5. e3 b6 6. Bd3 Bb7 7. O-O O-O 8. Nc3 d6 {LiveBook: 29 Games. E11: Bogo-Indian} 9. Rc1 (9. Qe2 Bxc3 10. Bxc3 Be4 11. Nd2 Bxd3 12. Qxd3 Nbd7 13. e4 e5 14. Rfe1 Nh5 15. Nf1 Qg5 16. Rad1 {½-½ (71) Eljanov,P (2712)-Moiseenko,A (2679) Kiev 2011}) 9... Nbd7 10. Qe2 $146 ({Predecessor:} 10. a3 Bxc3 11. Bxc3 Ne4 12. b3 f5 13. Bb2 Qe7 {½-½ (54) Olson,H (2229)-Gutman,G (2476) Pardubice 2018}) 10... Bxc3 {The position is equal.} 11. Bxc3 Ne4 12. Nd2 f5 13. Bxe4 fxe4 14. Qg4 Rf6 $1 15. Nxe4 Rg6 16. Qf3 {[#]} Rb8 $1 {White must now prevent ...Qh4.} 17. d5 exd5 18. cxd5 Bxd5 19. Rfd1 Bxa2 20. Ng3 Be6 21. Nh5 {Nf4 would now be nice for White.} Rg5 22. h3 Bb3 23. Rd2 Qf8 {aiming for ...Qxf3.} 24. Nf4 Ne5 ({Black should try} 24... Nc5 $17 25. h4 Rf5) 25. Bxe5 $1 $11 dxe5 26. Rxc7 exf4 27. exf4 {[%cal Be3f4,Bf4f5,Bf5f6,Bf6f7][%mdl 32]} Rb5 {And now ...Rc8 would win.} 28. Rdd7 $1 Qf6 29. Rxg7+ Qxg7 30. Rxg7+ Kxg7 31. f5 Rf8 32. Qg3+ Kf7 $2 {[%mdl 8192] [#]} (32... Kh8 $11) 33. f6 $1 $18 {[%mdl 512] Qg7+ is the strong threat.White is clearly winning.} Rg8 (33... Kxf6 34. Qd6+) 34. Qc7+ Kg6 {[#]} 35. f7 $1 {[%mdl 512] Precision: White = 72%, Black = 64%.} 1-0

[Event "ESP-chT Div Honor 2018"]
[Site "Linares"]
[Date "2018.08.06"]
[Round "1"]
[White "Edouard, Romain"]
[Black "Rakhmanov, Alexander"]
[Result "1/2-1/2"]
[WhiteElo "2638"]
[BlackElo "2629"]
[Annotator "TA"]
[PlyCount "60"]
[EventDate "2018.08.06"]
[EventType "team-tourn"]
[EventCountry "ESP"]
[SourceTitle "playchess.com"]
[Source "ChessBase"]
[SourceQuality "1"]

{[%evp 23,60,25,28,24,33,33,24,0,17,15,13,10,1,0,0,0,-6,-8,0,0,0,0,0,0,0,0,0,0,0,0,0,0,0,0,0,0,0,0,0]} 1. e4 e5 2. Nf3 Nf6 3. Nxe5 d6 4. Nf3 Nxe4 5. d4 d5 6. Bd3 Bf5 7. O-O Be7 8. Re1 O-O 9. c4 Nc6 10. cxd5 {C42: Petroff Defence: 3 Nxe5 and unusual White 3rd moves} Qxd5 11. Nc3 Nxc3 12. bxc3 Rae8 {LiveBook: 4 Games} 13. Bf4 Bxd3 14. Qxd3 Bd6 {[#]} 15. Ng5 $146 {[%csl Gg5][%cal Rd3h7] [#]} ({Predecessor:} 15. c4 Qh5 16. Bxd6 cxd6 17. Qa3 Qa5 18. Qxd6 Rxe1+ 19. Rxe1 {½-½ (29) Anand,V (2767)-Wei,Y (2743) Wijk aan Zee 2018}) 15... f5 {The position is equal.} 16. Bxd6 cxd6 17. Reb1 a6 ({Of course not} 17... h6 $6 18. Rb5 $16) 18. Nf3 Ne5 19. Nxe5 dxe5 20. Qd1 (20. Rb4 {keeps more tension.} Rc8 21. Rd1 e4 22. Qc2 f4 23. c4) 20... exd4 21. Qxd4 Qxd4 22. cxd4 $11 {[%mdl 4096] Endgame KRR-KRR} Rf7 23. Kf1 Re4 24. Rb4 Rd7 25. Rd1 Kf7 26. Rdb1 b5 27. a4 Rdxd4 28. Rxd4 Rxd4 29. axb5 axb5 30. Rxb5 Kg6 {Precision: White = 93%, Black = 87%.} 1/2-1/2

[Event "ESP-chT Div Honor 2018"]
[Site "Linares"]
[Date "2018.08.06"]
[Round "1"]
[White "Meier, Georg"]
[Black "Rodshtein, Maxim"]
[Result "1/2-1/2"]
[WhiteElo "2638"]
[BlackElo "2678"]
[Annotator "TA"]
[PlyCount "64"]
[EventDate "2018.08.06"]
[EventType "team-tourn"]
[EventCountry "ESP"]
[SourceTitle "playchess.com"]
[Source "ChessBase"]
[SourceQuality "1"]

{[%evp 21,64,6,3,6,10,2,7,4,14,2,6,11,7,0,0,-24,0,-20,-8,-7,0,-6,0,-10,-5,-17,-20,-31,-20,-69,-62,-72,-72,-67,-72,-70,0,0,0,0,0,0,0,0,0]} 1. d4 Nf6 2. c4 e6 3. Nf3 d5 4. g3 Bb4+ 5. Bd2 Be7 6. Bg2 c6 7. O-O Nbd7 8. Qc2 O-O 9. Rc1 {E11: Damenindisch (Bogoljubow-Variante)} b6 10. cxd5 (10. a4 Ne4 11. Be1 a5 12. Nbd2 Nxd2 13. Nxd2 Bf6 14. cxd5 cxd5 15. e4 Bxd4 16. Nb3 Bf6 17. exd5 exd5 18. Bxd5 {½-½ (28) Grischuk,A (2767)-Karjakin,S (2763) Berlin 2018}) 10... cxd5 11. Nc3 Bb7 {LiveBook: 5 Partien} 12. Qd1 $146 ({Vorgänger:} 12. e3 Rc8 13. Qb3 a6 14. Ne2 Rc4 15. Nf4 {½-½ (53) Hungaski,R (2496)-Anton Guijarro,D (2648) Neuquen 2017}) 12... a6 13. Rc2 Rc8 14. Rac1 h6 15. Bf4 b5 16. h4 Nh5 17. Bd2 Nhf6 18. e3 Qb6 19. Ne2 {[%cal Bc3e2,Be2f4,Bf4d3][%mdl 32]} Ne4 20. Be1 b4 21. Nf4 a5 22. Bf1 Bd6 23. Nd3 Rxc2 24. Rxc2 Ba6 25. Nfe5 Nxe5 26. Nxe5 Bxf1 27. Kxf1 Bxe5 $1 28. dxe5 b3 (28... Nc5 $1 $15) 29. axb3 $11 {Die Stellung ist ausgeglichen.} Nc5 30. Rc3 Ne4 31. Rc2 Nc5 32. Rc3 Ne4 {Precision: Weiß = 48%, Schwarz = 48%.} 1/2-1/2

[Event "ESP-chT Div Honor 2018"]
[Site "Linares"]
[Date "2018.08.06"]
[Round "1"]
[White "Kokarev, Dmitry"]
[Black "Oparin, Grigoriy"]
[Result "1/2-1/2"]
[WhiteElo "2608"]
[BlackElo "2609"]
[Annotator "TA"]
[PlyCount "68"]
[EventDate "2018.08.06"]
[EventType "team-tourn"]
[EventCountry "ESP"]
[SourceTitle "playchess.com"]
[Source "ChessBase"]
[SourceQuality "1"]

{[%evp 20,68,19,14,24,18,12,14,26,20,22,3,10,0,0,0,0,0,6,0,0,0,-1,-10,0,-8,-7,-8,0,-8,15,-10,-17,-18,-7,-11,-8,-13,-10,-10,-10,-9,-8,-5,-8,-9,-11,-18,-18,-18,-10]} 1. e4 c6 2. d4 d5 3. Nc3 dxe4 4. Nxe4 Nf6 5. Nxf6+ exf6 6. c3 Bd6 7. Bd3 O-O 8. Ne2 Re8 9. O-O {B15: Caro-Kann: 3 Nc3: 3...g6 and 3...dxe4 4 Nxe4 Nf6 5 Nxf6+ exf6} Nd7 {[%cal Bb8d7,Bd7f8,Bf8e6][%mdl 32]} 10. Bf4 Nf8 11. Qd2 {LiveBook: 4 Games} Ne6 12. Bxd6 Qxd6 13. Rfe1 Bd7 14. Rad1 $146 ({Predecessor:} 14. Ng3 Rad8 15. Qc2 h6 16. Nf5 Qc7 {½-½ (26) Emms,J (2500)-Rogers,I (2580) Germany 1996}) 14... g6 {The position is equal.} 15. Bc4 Rad8 16. Qe3 Kg7 17. Qg3 (17. Qc1 {feels hotter.} b6 18. Bb3 Nc7 19. h3 Be6 20. c4) 17... Qxg3 18. Nxg3 b6 19. Ne2 Nc7 20. Nc1 Be6 21. Bb3 Rd6 22. f3 Red8 23. Kf2 a5 24. Bc2 Bc4 25. Bd3 (25. Re7 {looks sharper.} Ne6 26. b3 Bb5 27. a4 Ba6 28. Ra7) 25... Bxd3 26. Rxd3 c5 {[%cal Rc5d4]} 27. Ne2 b5 28. a3 c4 29. Rd2 Nd5 30. g3 Re6 31. Nf4 Nxf4 32. gxf4 Kf8 33. Re4 Rd5 34. Rd1 a4 {Precision: White = 53%, Black = 67%.} 1/2-1/2

[Event "ESP-chT Div Honor 2018"]
[Site "Linares"]
[Date "2018.08.06"]
[Round "1"]
[White "Baklan, Vladimir"]
[Black "Ponomariov, Ruslan"]
[Result "1/2-1/2"]
[WhiteElo "2596"]
[BlackElo "2686"]
[Annotator "TA"]
[PlyCount "104"]
[EventDate "2018.08.06"]
[EventType "team-tourn"]
[EventCountry "ESP"]
[SourceTitle "playchess.com"]
[Source "ChessBase"]
[SourceQuality "1"]

{[%evp 22,104,24,7,45,15,24,-12,0,0,2,0,9,0,24,12,22,0,16,17,15,16,11,0,0,0,0,0,0,-8,-8,-14,-10,-16,-12,-16,-16,-31,-28,-64,-64,-64,-64,-64,-64,-64,-64,-64,0,-68,-68,-68,-68,-68,-68,-68,-68,-68,-68,-68,-68,-68,-68,-68,-68,-68,-8,-19,0,0,0,0,0,0,0,0,-5,-14,0,0,0,0,0,0,0]} 1. e4 e5 2. Nf3 Nc6 3. Bb5 a6 4. Ba4 d6 5. O-O Bd7 6. d4 Nxd4 7. Bxd7+ Qxd7 8. Nxd4 exd4 9. Qxd4 Nf6 10. Nc3 Be7 {C72: Ruy Lopez: Deferred Steinitz: 5 0-0} 11. b3 O-O 12. Bb2 {LiveBook: 7 Games} Rfe8 (12... c6 13. Ne2 Rfe8 14. Ng3 Bf8 15. Rad1 Qe6 16. Rfe1 Qe5 17. c4 Qxd4 18. Bxd4 {1-0 (32) Ma,Q (2645)-Demchenko,A (2679) Surakarta 2018}) 13. Rfe1 c6 $146 ({Predecessor:} 13... Bf8 14. Re3 Re6 15. Nd5 Nxd5 16. Qxd5 Qc6 17. Qxc6 bxc6 18. Rd1 Rae8 19. Rd4 {1-0 (50) Janzekovic,K (1526)-Kozarski,L (1705) Sentjur 2008}) 14. Qd3 Qe6 15. Rad1 Rad8 16. h3 Nd7 17. Qg3 {Strongly threatening Nd5!} Qg6 18. Qxg6 hxg6 19. Nb1 Bf6 20. Bxf6 Nxf6 21. Nc3 Kf8 22. Re3 d5 23. exd5 Rxe3 24. fxe3 cxd5 $11 {[%mdl 4096] Endgame KRN-KRN} 25. e4 {[%cal Re4d5]} Rc8 26. Nxd5 Rxc2 27. Nxf6 gxf6 {KR-KR} 28. Rd6 Rxa2 29. Rb6 Re2 30. Rxb7 Rxe4 31. b4 f5 32. Kf2 Kg7 33. b5 axb5 34. Rxb5 g5 (34... Kf6 $15) 35. Rb7 (35. Rxf5 $11 Kg6 36. Ra5) 35... Kg6 $15 36. Ra7 f4 37. Ra5 f6 38. Rb5 Re5 39. Rb6 Kf5 40. Ra6 Re6 41. Ra5+ Kg6 $1 42. Ra8 Rb6 43. Ra5 f5 (43... Rb2+ $15 44. Kf3 Rb3+ 45. Kf2 Re3) 44. Ra8 $11 {The position is equal.} g4 45. hxg4 fxg4 46. Rg8+ Kf5 47. Rf8+ Rf6 48. Ra8 Re6 49. Rf8+ $1 Ke4 50. g3 fxg3+ 51. Kxg3 Rg6 52. Rf4+ Ke5 {Precision: White = 65%, Black = 59%.} 1/2-1/2

[Event "ESP-chT Div Honor 2018"]
[Site "Linares"]
[Date "2018.08.06"]
[Round "1"]
[White "Del Rio de Angelis, Salvador Gabriel"]
[Black "Moskalenko, Viktor"]
[Result "1/2-1/2"]
[WhiteElo "2525"]
[BlackElo "2504"]
[Annotator "TA"]
[PlyCount "60"]
[EventDate "2018.08.06"]
[EventType "team-tourn"]
[EventCountry "ESP"]
[SourceTitle "playchess.com"]
[Source "ChessBase"]
[SourceQuality "1"]

{[%evp 15,60,2,11,0,13,0,0,0,0,0,0,-17,-30,-27,-15,-21,-18,-20,-10,-9,12,23,57,55,31,46,71,83,77,7,6,5,6,0,0,0,13,0,0,0,0,0,0,0,0,0,0]} 1. d4 f5 2. c4 Nf6 3. e3 e6 4. Nc3 b6 5. Bd3 Bb7 6. f3 c5 7. Nge2 {A85: Dutch Defence: 2 c4 Nf6 3 Nc3} Nc6 8. O-O Bd6 {LiveBook: 6 Games} 9. dxc5 $146 ({Predecessor:} 9. d5 Ne5 10. e4 fxe4 11. Nxe4 Nxe4 12. Bxe4 Qc7 13. Nc3 Nxc4 14. f4 O-O-O {1-0 (48) Laznicka,V (2679)-Vallejo Pons,F (2698) Dubai 2014}) 9... Bxc5 10. Na4 Be7 11. b3 Nb4 12. Bb2 O-O 13. Qd2 d5 {[#] And now ...dxc4 would win.} 14. Rfd1 Nxd3 15. Qxd3 dxc4 16. Qxc4 Qc8 {next ...Qxc4 is good for Black.} 17. Qd4 Qb8 18. Nf4 Rd8 19. Qc4 $1 {[%cal Rc4e6]} Bd5 20. Qe2 Kf7 21. Nc3 Qb7 22. Nfxd5 (22. Re1 $16) 22... Nxd5 $11 {The position is equal.} 23. Nxd5 Rxd5 24. Rxd5 Qxd5 25. Rd1 Qa5 26. a4 (26. f4 {seems wilder.} Rd8 27. Qh5+ Kf8 28. Bd4 Kg8 29. h3) 26... Rd8 27. Rxd8 Bxd8 28. Kf2 Qd5 29. Qc2 Bf6 30. Bxf6 Kxf6 {Precision: White = 48%, Black = 63%.} 1/2-1/2

[Event "ESP-chT Div Honor 2018"]
[Site "Linares"]
[Date "2018.08.06"]
[Round "1"]
[White "Mirzoev, Azer"]
[Black "Perez Candelario, Manuel"]
[Result "1/2-1/2"]
[WhiteElo "2510"]
[BlackElo "2611"]
[Annotator "TA"]
[PlyCount "114"]
[EventDate "2018.08.06"]
[EventType "team-tourn"]
[EventCountry "ESP"]
[SourceTitle "playchess.com"]
[Source "ChessBase"]
[SourceQuality "1"]

{[%evp 25,114,0,6,8,4,6,13,0,18,18,39,41,62,39,38,0,5,0,0,0,0,0,12,12,25,0,0,0,0,0,0,-17,0,0,16,0,5,-18,18,12,31,18,27,23,34,19,23,43,45,-7,8,11,10,0,0,-10,0,0,0,0,0,0,15,0,44,0,28,-12,0,0,9,9,50,0,0,0,0,0,0,0,0,0,43,0,0,0,43,0,0,0,48]} 1. d4 Nf6 2. Nf3 g6 3. Nbd2 c5 4. e3 Bg7 5. dxc5 Qa5 6. a3 Qxc5 7. b4 Qc7 8. Bb2 O-O 9. c4 b6 10. Be2 Bb7 11. O-O d6 12. Qb3 Nbd7 {A48: Königsindisch (ohne c2-c4)} 13. h3 Rac8 {LiveBook: 4 Partien} 14. Rfd1 Rfd8 15. Rac1 Qb8 16. Qa2 $146 ({Vorgänger:} 16. Bf1 Qa8 17. Qa2 a5 18. Qb3 e5 19. Bc3 Bc6 20. Qb2 Nf8 21. Be2 Ne6 22. Rb1 {0-1 (70) Mirzoev,A (2500)-Tabatabaei,M (2577) Amol 2018}) 16... e5 17. a4 h6 18. a5 Nf8 19. axb6 axb6 20. Ra1 Ne6 21. Qb3 Bc6 22. Rdc1 Qb7 23. Ra3 Ra8 24. Rca1 Ne8 25. Ne1 (25. b5 {looks sharper.} Bd7 26. Ne1 Nc5 27. Qd1 Be6 28. Nc2) 25... Rxa3 26. Qxa3 Qc7 27. Qa7 Bb7 28. Qa4 Ra8 29. Qd1 Qb8 30. Qb1 N8c7 31. Bf3 d5 32. cxd5 Nxd5 33. Rxa8 Bxa8 34. Nd3 Ng5 35. Bd1 Ne7 36. Qa1 {[%cal Rd3e5]} f6 {[%cal Bf7f6,Bf6f5][%mdl 32]} 37. Ne1 (37. f4 $14 Nf7 38. fxe5 fxe5 39. Bb3) 37... Bd5 38. h4 Nf7 39. Bf3 Be6 40. Ne4 f5 41. Ng3 Qd6 42. b5 h5 43. Be2 Bd5 44. Nf1 Bf6 45. g3 (45. Nd2 {keeps more tension.} Nc8 46. Nef3 Qc5 47. Bd3 Bb7 48. Bc4) 45... Kg7 46. Nf3 Bxf3 47. Bxf3 e4 48. Be2 Ne5 49. Bxe5 (49. Nd2 $5) 49... Bxe5 50. Qa7 Bc3 51. Kg2 Qc5 52. Qd7 Kf6 53. Qd8 Kf7 54. Qd7 Kf6 55. Qd8 Kf7 56. Qd7 Kf6 57. Qd8 Kf7 {Precision: Weiß = 46%, Schwarz = 47%.} 1/2-1/2

[Event "ESP-chT Div Honor 2018"]
[Site "Linares"]
[Date "2018.08.06"]
[Round "1"]
[White "Cuenca Jimenez, Jose Fernando"]
[Black "Magem Badals, Jordi"]
[Result "1/2-1/2"]
[WhiteElo "2506"]
[BlackElo "2531"]
[Annotator "TA"]
[PlyCount "76"]
[EventDate "2018.08.06"]
[EventType "team-tourn"]
[EventCountry "ESP"]
[SourceTitle "playchess.com"]
[Source "ChessBase"]
[SourceQuality "1"]

{[%evp 25,76,6,6,0,0,0,4,0,0,0,6,3,0,0,15,0,0,0,0,0,6,0,0,0,0,0,0,0,0,0,0,0,0,0,0,0,0,0,0,0,0,0,0,-5,0,0,0,0,0,0,0,0,0]} 1. d4 d5 2. Nf3 Nf6 3. c4 e6 4. g3 Bb4+ 5. Bd2 Be7 6. Bg2 c6 7. Qb3 Nbd7 8. O-O O-O 9. Nc3 b6 {E11: Bogo-Indian} 10. cxd5 cxd5 11. Rfc1 Bb7 12. Rc2 Rc8 13. Rac1 a6 {[#] LiveBook: 4 Games. The position is equal.} 14. Nb1 $146 ({Predecessor:} 14. a4 Rc4 15. Nb1 Rxc2 16. Rxc2 Qb8 17. a5 {1-0 (39) Shirov,A (2739)-Almasi,Z (2691) Kemer 2007}) 14... Rxc2 15. Rxc2 Qa8 16. Bb4 Bxb4 17. Qxb4 Rc8 18. Rxc8+ Qxc8 19. Nc3 Qf8 20. Qxf8+ (20. Qa4 {keeps more tension.} Qc8 21. e3 h6 22. h4 Ne4 23. Bf1) 20... Kxf8 21. Nd2 a5 22. f3 Ke7 23. e3 Ba6 24. h4 h6 25. g4 g5 26. h5 Nb8 27. Bf1 Bxf1 28. Kxf1 $11 {[%mdl 4096] Endgame KNN-KNN} Nc6 29. Ke2 Ne8 30. a3 Nd6 31. Kd3 f5 32. gxf5 Nxf5 33. Nf1 Kf7 34. Ne2 e5 35. Nh2 exd4 36. exd4 Ng7 37. Ng4 Nxh5 {aiming for ...Kg6.} 38. Nxh6+ Ke6 {Precision: White = 81%, Black = 78%.} 1/2-1/2